banner-ar

Sociology of North American sport / (Record no. 66737)

MARC details
000 -الفاتح
حقل البيانات ثابتة الطول 01019nam a2200301 a 4500
005 - وقت وتاريخ اخر تعامل مع التسجيلة
رقم الضبط 20240530110936.0
008 - عناصر البيانات ثابتة الطول - معلومات عامة
حقل البيانات ثابتة الطول 931130s1993 wiua b 000 0 eng
020 ## - الرقم الدولى المعيارى للكتب
الرقم الدولى المعيارى للكتاب 0697126250
040 ## - مصدر الفهرسة
وكالة الفهرسة الأصلية DLC
وكالة النسخ DLC
043 ## - رمز المنطقة الجغرافية
رمز المنطقة الجغرافية n-us---
-- n-cn---
082 00 - رقم تصنيف ديوى العشرى
رقم الطبعة 20
رقم التصنيف 306.483/
رقم المادة E S
100 1# - المدخل الرئيسى - إسم شخصى
الإسم الشخصى Eitzen, D. Stanley.
245 10 - بيان العنوان
العنوان Sociology of North American sport /
بيان المسئوليه,etc D. Stanley Eitzen, George H. Sage.
250 ## - بيان الطبعة
بيان الطبعة 5th ed.
260 ## - PUBLICATION, DISTRIBUTION, ETC. (IMPRINT)
تاريخ النشر أو التوزيع c1993.
300 ## - الوصف المادى
التعداد xiv, 416 p. :
تفاصيل ماديه اخرى للوعاء ill. ;
أبعاد الوعاء 24 cm.
504 ## - تبصرة ببليوجرافية
تبصرة ببليوجرافية,الخ Includes bibliographical references and index.
650 #0 - المدخل الاضافى بالموضوع-مصطلح موضوعى
مصطلح موضوعي Sports
التقسيم الفرعي العام Social aspects
التقسيم الفرعي الجغرافي United States.
650 #0 - المدخل الاضافى بالموضوع-مصطلح موضوعى
مصطلح موضوعي Sports
التقسيم الفرعي العام Social aspects
التقسيم الفرعي الجغرافي Canada.
650 #0 - المدخل الاضافى بالموضوع-مصطلح موضوعى
مصطلح موضوعي Sports
التقسيم الفرعي الجغرافي United States
التقسيم الفرعي العام Sociological aspects.
650 #0 - المدخل الاضافى بالموضوع-مصطلح موضوعى
مصطلح موضوعي Sports
التقسيم الفرعي الجغرافي Canada
التقسيم الفرعي العام Sociological aspects.
700 1# - المدخل الاضافى - اسم شخصى
الإسم الشخصى Sage, George Harvey.
942 ## - عناصر المدخل الإضافي( كوها)
مصدر التصنيف او مخطط الترفيف Dewey Decimal Classification
Koha [default] item type كتاب
260 ## - PUBLICATION, DISTRIBUTION, ETC. (IMPRINT)
-- Madison, Wis. :
-- W.C.B. Brown & Benchmark,
906 ## - عنصر بيانات محلى F, LDF (RLIN)
a 7
b cbc
c orignew
d 3
e opcn
f 19
g y-gencatlg
Holdings
حالة التراجع حالة الفقد مصدر التصنيف او خطة الترفيف حالة تلف ليس للاعارة المكان المؤقت الموقع الحالى تاريخ الاكتساب اجمالي اﻻعارات رقم الطلب الباركود تاريخ اخر مشاهدة تاريخ تفعيل السعر نوع وعاء كوها
    ddc     مكتبة القاهرة الكبرى مكتبة القاهرة الكبرى 10/12/2022   306.483/ E S 168568 10/12/2022 10/12/2022 كتاب

Powered By

EGPV